Geography Quizhanger #9 - Statistics

General Stats
  • This quiz has been taken 231 times
  • The average score is 6 of 7
Answer Stats
Clue Answer % Correct
Country whose capital is Caracas (V)enezuela
96%
Country that used to be called Swaziland (E)swatini
92%
Capital of the US state of Mississippi (J)ackson
82%
Capital of Burkina Faso (O)uagadougou
81%
Country containing the island of Gozo (M)alta
78%
Highest mountain (above sea level) in South America (A)concagua
75%
DESERT Mojave
74%
No matching quizzes found
Score Distribution
Percent of People with Each Score
Percentile by Number Answered
Your Score History
You have not taken this quiz